000
00300nam a22001097a 4500
008
160210b xxu||||| |||| 00| 0 eng d
020
_a
0324233108
041
_a
eng
080
_a
658.15
245
_a
Menaxhimi i kostos: Kontabiliteti dhe kontroll /
_c
Don R. Hansen; Maryanne M. Mowen;
942
_2
udc
_c
BK
999
_c
1415
_d
1415